ՀՀ Գիտությունների ազգային ակադեմիայի հիմնարար գիտական գրադարան  =   Fundamental Scientific Library of NAS RA

Владимир : (Record no. 455962)

MARC details
000 -LEADER
fixed length control field 00759nam a2200193 a 4500
001 - CONTROL NUMBER
control field 000387341
003 - CONTROL NUMBER IDENTIFIER
control field AM-YEHGA
005 - DATE AND TIME OF LATEST TRANSACTION
control field 20250617160554.0
008 - FIXED-LENGTH DATA ELEMENTS--GENERAL INFORMATION
fixed length control field 041125s1958 ||||||||||||||||||||rus d
040 ## - CATALOGING SOURCE
Original cataloging agency AM-YeHGA
041 0# - LANGUAGE CODE
Language code of text/sound track or separate title rus
090 ## - LOCALLY ASSIGNED LC-TYPE CALL NUMBER (OCLC); LOCAL CALL NUMBER (RLIN)
-- 458978
245 00 - TITLE STATEMENT
Title Владимир :
Remainder of title Альбом фото /
Statement of responsibility, etc. Фото А. Волкова и др. ; Отв. ред. Л. Мацкевич.
260 ## - PUBLICATION, DISTRIBUTION, ETC.
Place of publication, distribution, etc. Владимир :
Name of publisher, distributor, etc. Владимирское кн. изд-во,
Date of publication, distribution, etc. 1958.
300 ## - PHYSICAL DESCRIPTION
Extent 128 с.
650 14 - SUBJECT ADDED ENTRY--TOPICAL TERM
Topical term or geographic name entry element Политическая, экономическая и культурная жизнь отдельных стран и местностей
700 1# - ADDED ENTRY--PERSONAL NAME
Personal name Волкова, А.
Relator term фот.
Relationship pht
700 1# - ADDED ENTRY--PERSONAL NAME
Personal name Мацкевич, Л.
Relator term ред.
Relationship edt
Holdings
Withdrawn status Lost status Damaged status Not for loan Collection Home library Current library Date acquired Total checkouts Full call number Barcode Date last seen Price effective from Koha item type Public note
        General Fundamental Scientific Library Fundamental Scientific Library 19/01/2021   РД I/13341 FL0636059 19/01/2021 19/01/2021 Գրքեր / Books 30 Days Loan


ՀՀ ԳԱԱ հիմնարար գիտական գրադարան
ՀՀ,Երևան 0019
Մարշալ Բաղրամյան 24/6
հեռախոս:(374-10) 52-47-50
Հետադարձ կապ

All site content, except where otherwise noted, is licensed under a
Creative Commons License